00520nam a2200169Ia 4500008004000000041000800040082001200048100002200060245002500082260002600107650001500133650001400148690002200162906001100184999001900195952013600214210210b1959 xxu||||| |||| 00| 0 eng d aeng a320/418 aMYRES (Adolph) Ed aPermanent revolution abNot Mentionedc1959 arevolution aPermanent aPolitical Science a003063 c118396d118396 001040748Political ScienceaALbALcPolitical Scienced2021-02-17g0.00l0o320/418p003063r2021-02-17 00:00:00w2021-02-17yBK